000 01251cam a2200229 4500
001 5974
010 _a9722023055
021 _b183931/02
090 _a5974
100 _a20211231d2003 m||y0pory5003 ba
200 1 _aMiguel Street
_fV. S. Naipaul
_gtrad. Sofia Slotboom
210 9 _aLisboa
_cDom Quixote
_d2003
215 _a207, [6] p.
225 2 _aFicção Universal
_v302
330 _aUm íman para poetas, filósofos, professores, trovadores e inadaptados que povoam a colorida e agitada cidade de Port of Spain, Miguel Street é um lugar onde histórias de glória e devassidão rivalizam com solenes declarações de amor e ódios ferozes, onde os dramas vizinhos são discutidos com paixão e prolixamente partilhados por todos, às vezes numa linguagem fluente, outras num acalorado patois, mas sempre com o sol brilhante e abrasador como pano de fundo. Miguel Street é um teatro vivo, um mundo em microcosmo, uma cacofonia de vistas, sons e cheiros vistos através dos olhos de um jovem órfão.
606 _913
_aLiteratura Estrangeira
675 _a821.111(729.87)-31"19"
_vBN
_zpor
700 _aNaipaul
_bV. S.
_f1932-2018
_95608
702 _aSlotboom
_bSofia
_94000
801 _aPT
_bBMVN
_gRPC
830 _cInês Silva
_d31/12/2021
990 _cLIVROS